A princesa pele de burro (Registo nº 1968)

Detalhes MARC
000 -Etiqueta do registo
Cabeçalho 00977nam a22003371 4500
005 - Identificador da versão
Campo de controlo 20240813121921.0
095 ## -
-- PTBN00477766
010 ## - Número internacional normalizado dos livros (ISBN)
Número (ISBN) 9724302121
021 ## - Número do Depósito Legal
Código do país PT
Número 62126/92
100 ## - Dados gerais de processamento
Dados gerais de processamento 20070618d1993 c y0pory5003 ba
102 ## - Pais de publicação ou produção
País de publicação Portugal
101 1# - Língua de publicação
Língua do texto, banda sonora, etc. Português
Língua do documento no original Espanhol
106 ## - Campo de dados codificados: material textual
Dados codificados do material textual r
105 ## - Campo de dados codificados: livros
Dados codificados dos livros a z 000fy
215 ## - Descrição física 
Indicação específica da natureza do documento e extensão da espécie [28] p.
Outras indicações físicas muito il.
Dimensões 20 cm
200 1# - Titulo e menção de responsabilidade
Título próprio A princesa pele de burro
Primeira menção de responsabilidade il. Fina Rifà
Outras menções de responsabilidade trad. Beatriz Pinto
-- adapt. Maria Alberta Menéres
225 2# - Colecção 
Título próprio da colecção Contos de sempre
Indicação de volume 17
205 ## - Menção da edição
Menção da edição 2ª ed.
210 ## - Publicação, Distribuição, etc. 
Lugar da edição, distribuição, etc. Porto
Nome do editor, distribuidor, etc. Edinter
Data da publicação, distribuição, etc. 1993
304 ## - Notas relativas a título e menção de responsabilidade 
Texto da nota Tít. orig.: Piel de asno
606 ## - Nome comum usado como assunto
Número de registo de entrada de autoridade 0000187
Palavra de ordem Literatura estrangeira infantil
Subdivisão de assunto Conto
675 ## - Classificação Decimal Universal (CDU)
Notação 82-34
Edição
Língua da edição por
702 #1 - Nome de autor-pessoa física (responsabilidade secundária)
Número de registo de entrada de autoridade 0000612
Palavra de ordem Pinto
Outra parte do nome não tomada para palavra de ordem Beatriz
Código de função Tradutor
Número de registo de entrada de autoridade 0000031
Palavra de ordem Menéres
Outra parte do nome não tomada para palavra de ordem Maria Alberta
Datas 1930-
Código de função Adaptador
700 #1 - Nome de autor-pessoa física (responsabilidade principal)
Número de registo de entrada de autoridade 0000611
Palavra de ordem Rifà
Outra parte do nome não tomada para palavra de ordem Fina
942 ## - Elementos de entrada adicionados (Koha)
Tipo de item no Koha Livro
Exemplares
Situação do levantamento Origin of item (home branch) (coded) Biblioteca de empréstimo Código de barras Cota Circulation type (not for loan) Tipo de documento Nota do exemplar Damaged status
  Biblioteca Escolar da Coca Maravilhas Biblioteca Escolar da Coca Maravilhas BECM3057/96 8EST CON   Livro Sem mensagem  
  Biblioteca Escolar da Coca Maravilhas Biblioteca Escolar da Coca Maravilhas BECM5431/02 8EST CON   Livro Sem mensagem